000 00736nas a2200277 4500
001 BR2012007246
003 BR-BrBNA
005 20231205121227.0
007 ta
008 230509b bl.|||p| |||| 00| 00por d
040 _aBR-BrBNA
_bpor
_cBiblioteca Nacional de Agricultura
041 _a(Pt)
072 _aL73
100 1 _aFerreira, L.M.
100 1 _aNassar, K.C.
245 1 _aQueiletielose em cão - relato de caso
650 _aCÃO
650 _aZOONOSE
650 _aPARASITOLOGIA
650 _aPELE
650 _aLESÃO
650 _aÁCARO
773 0 _tMedvep Dermato (Brazil)
_xISSN 2237-2768
_g(2012), v. 2(3) p. 148-152
_wBR2012007246
909 _a202311
_bLúcia
_c55
_dLúcia Elande
942 _2AGRIS
_n0
_cANA
999 _c222435
_d222435